| 000 | 00885cam a2200289 4500 | ||
|---|---|---|---|
| 001 | 36295 | ||
| 003 | BD-RjUL | ||
| 005 | 20211209052451.0 | ||
| 008 | 1406019s1933 nyu 001 0 eng | ||
| 035 | _a(BD-RjUL)36392 | ||
| 035 | _a(BD-RjUL)36392 | ||
| 035 | _a6882765 | ||
| 040 |
_aDLC _cOYU _dOCoLC _dDLC _beng |
||
| 041 | _aeng | ||
| 082 |
_a320.944 _bMIF 1933 |
||
| 100 | 1 |
_aMiddleton, W. L. _q(Wilfrid Lawson), _d1881- _9110463 |
|
| 245 | 1 | 4 |
_aThe French political system / _cby W. L. Middleton. |
| 250 | _a1st ed. | ||
| 260 |
_aNew York : _bE.P. Dutton, _cc1933. |
||
| 300 |
_a296 p. : _bmap ; _c21 cm. |
||
| 500 | _aMap accompanied by leaf with descriptive letterpress. | ||
| 504 | _aIncludes bibliographical footnotes and index. | ||
| 651 | 0 |
_aFrance _xPolitics and government _y1870-1940. _956869 |
|
| 942 |
_2ddc _cBK |
||
| 999 |
_c36295 _d36295 |
||